Reference books Bulletin 1994-95 : a compilation of evaluations, September 1, 1994, through August 1995
Αποθηκεύτηκε σε:
| Συγγραφή απο Οργανισμό/Αρχή: | |
|---|---|
| Άλλοι συγγραφείς: | , |
| Μορφή: | Βιβλίο |
| Γλώσσα: | English |
| Δημοσίευση: |
Chicago :
American Library Association,
1994
|
| Θέματα: | |
| Ετικέτες: |
Προσθήκη ετικέτας
Δεν υπάρχουν, Καταχωρήστε ετικέτα πρώτοι!
|
MARC
| LEADER | 00000nam a2200000 i 4500 | ||
|---|---|---|---|
| 001 | 1/2280 | ||
| 008 | 000425t1994 eng d | ||
| 020 | |a 0-8389-7816-9 | ||
| 035 | |l 10060352 | ||
| 040 | |a GR-MY-UA |b gre |e aacr | ||
| 041 | 0 | |a eng | |
| 082 | 0 | |a 028.12 | |
| 110 | 2 | |a American Library Association |b Reference Books Bulletin Editorial Board. | |
| 245 | 1 | 0 | |a Reference books Bulletin 1994-95 : |b a compilation of evaluations, September 1, 1994, through August 1995 / |c prepared by the American Library Association Reference Books Bulletin Editorial Board ; edited by Sandy Whiteley; compliled by Kim Dillon |
| 260 | |a Chicago : |b American Library Association, |c 1994 | ||
| 300 | |a 160 p. | ||
| 650 | 0 | 0 | |a Reference books |x Reviews. |
| 650 | 0 | 0 | |a Reference books |x Bibliography. |
| 700 | 1 | |a Whiteley, Sandra |d 1943- |4 edt | |
| 700 | 1 | |a Dillon, Kim. |4 com | |
| 852 | |a INST |b LESVOS |e 20000425 |h 028.12 REF |p 005100021043 |q 005100021043 |t REF |y 23 | ||
| 901 | |a BIBL1-2000-2 | ||
| 909 | |a Λ |b 064182 | ||
| 922 | |a 1ΕΛΗ |b 199902 |c ΚΠΣ/ΚΥΒ |d LEADER | ||
| 950 | |a 023-1998-09-14 | ||
| 970 | |z 2000/04/ΜΙΧΑΗΛΙΔΟΥ ΑΝΝΑ | ||